Goldilocks and the three bears : (Record no. 49779)
| 000 -LEADER | |
|---|---|
| fixed length control field | 01086nam a2200265 4500 |
| 003 - CONTROL NUMBER IDENTIFIER | |
| control field | Uk |
| 020 ## - INTERNATIONAL STANDARD BOOK NUMBER | |
| International Standard Book Number | 9781409306290 |
| 037 ## - SOURCE OF ACQUISITION | |
| Stock number | PenguinGroup280653 |
| Source of stock number/acquisition | Ingram Content Group |
| 040 ## - CATALOGING SOURCE | |
| Original cataloging agency | TEFOD |
| Language of cataloging | eng |
| Transcribing agency | TEFOD |
| Modifying agency | OCLCQ |
| -- | OCLCF |
| -- | TEFOD |
| -- | OCLCQ |
| -- | TEFOD |
| -- | OCL |
| -- | OCLCQ |
| -- | Uk |
| 042 ## - AUTHENTICATION CODE | |
| Authentication code | ukblsr |
| 050 #4 - LIBRARY OF CONGRESS CALL NUMBER | |
| Classification number | 398.2 |
| 082 04 - DEWEY DECIMAL CLASSIFICATION NUMBER | |
| Classification number | 823.914 |
| Edition number | 22 |
| 100 1# - MAIN ENTRY--PERSONAL NAME | |
| Personal name | Baxter, Nicola, |
| Relator term | author. |
| 9 (RLIN) | 49236 |
| 245 10 - TITLE STATEMENT | |
| Title | Goldilocks and the three bears : |
| Remainder of title | based on a traditional folk tale / |
| Statement of responsibility, etc | retold by Nicola Baxter ; illustrated by Ailie Busby. |
| 260 ## - PUBLICATION, DISTRIBUTION, ETC. (IMPRINT) | |
| Place of publication, distribution, etc | London : |
| Name of publisher, distributor, etc | Ladybird, |
| Date of publication, distribution, etc | November 1, 2015. |
| 300 ## - PHYSICAL DESCRIPTION | |
| Other physical details | color illustrations. |
| Dimensions | 7.5 x 0.3 x 7.5 inches. |
| 490 ## - SERIES STATEMENT | |
| Series statement | Ladybird first favourite tales |
| 500 ## - GENERAL NOTE | |
| General note | Follow the naughty Goldilocks into the house of the three bears, and see what happens when they come home and find her! |
| 650 ## - SUBJECT ADDED ENTRY--TOPICAL TERM | |
| Topical term or geographic name as entry element | Traditional stories (Children's / Teenage) |
| 9 (RLIN) | 80859 |
| 650 ## - SUBJECT ADDED ENTRY--TOPICAL TERM | |
| Topical term or geographic name as entry element | Three bears (Tale) |
| Form subdivision | Pictorial works |
| -- | Juvenile fiction. |
| 9 (RLIN) | 86900 |
| 650 ## - SUBJECT ADDED ENTRY--TOPICAL TERM | |
| Topical term or geographic name as entry element | Three bears (Tale) |
| 9 (RLIN) | 86901 |
| 655 ## - INDEX TERM--GENRE/FORM | |
| Genre/form data or focus term | Electronic books. |
| 700 1# - ADDED ENTRY--PERSONAL NAME | |
| Personal name | Busby, Ailie. |
| 9 (RLIN) | 69028 |
| 942 ## - ADDED ENTRY ELEMENTS (KOHA) | |
| Source of classification or shelving scheme | |
| Koha item type | Book |
| Withdrawn status | Lost status | Source of classification or shelving scheme | Damaged status | Not for loan | Home library | Current library | Date acquired | Total Checkouts | Full call number | Barcode | Date last seen | Date checked out | Price effective from | Koha item type | Public note |
|---|---|---|---|---|---|---|---|---|---|---|---|---|---|---|---|
| Logos International School | Logos International School | 11/17/2025 | 1 | X BAX | 041967 | 02/26/2026 | 02/19/2026 | 11/17/2025 | Book | Basket 29 |